00329nam a2200073 4500100003600000245018300036260002900219300000700248 aPerera,Damindri Bulathsinhalage aDetermination of Heavy Metal Content in Edible Tender Leaves of Kohila (Lasia spinosa),Thebu (Costus speciosus), Hathawariya (Asparagus racemosus) and Their Ntural Growth Medium. aRajagiriyabIchemcc2018 a49